| 000 | 00942nam0a22002771 4500 | ||
|---|---|---|---|
| 001 | rc\497380 | ||
| 005 | 20250621110012.0 | ||
| 010 |
_a5-256-00016-0 _94550 |
||
| 035 | _a(NLR Aleph) 005738738 | ||
| 090 |
_a4715151 _c4715151 |
||
| 100 | _a20030616d1988 |||y0rusy50 ca | ||
| 101 | 0 | _arus | |
| 102 | _aRU | ||
| 105 | _aa ||||||||| | ||
| 200 | 1 | _aСтатистическое машинное моделирование средств связи | |
| 210 |
_aМ. _cРадио и связь _d1988 |
||
| 215 |
_a175 с. _cил. _d22 |
||
| 225 | 1 |
_aСтатистическая теория связи _vВып. 30 |
|
| 320 | _aБиблиогр.: с. 170-174 (119 назв.) | ||
| 700 | 1 |
_aПолляк _bЮ.Г. _gЮрий Григорьевич |
|
| 701 | 1 |
_aФилимонов _bВ.А. _gВячеслав Аркадьевич |
|
| 801 | 0 |
_aRU _bNLR _gpsbo |
|
| 801 | 1 |
_aRU _bELAR _2rusmarc |
|
| 852 |
_aNLR _j88-5/5052 |
||
| 942 | _cBOOK | ||
| 980 | _aNB | ||